00707pam a2200193 a 4500020002300000020005900023040000800082082002600090100002000116245003600136260009500172300003400267650002200301650001000323650000900333942000700342999001700349952014700366 a0470219556 (Wiley) a8122407943 (New Age International (P) Ltd. Publishers) cDLC00a551 NEW 1995 A027 Or.1 aUpadhyay, D. S.10aCold climate hydrometeorology / aNew York :bWiley ;aNew Delhi, India :bNew Age International (P) Ltd. Publishers,c1995. avii, 345 p. :bill. ;c25 cm. 0aHydrometeorology. 0aSnow. 0aIce. cEK c13089d13089 0010406551_000000000000000_NEW_1995_A027_OR70963304aLBAbLBAcA027d2017-08-19o551 NEW 1995 A027 Or.pA20482r2017-08-19w2017-08-19yEK